00402 2200157 4500001002100000008004100021035002000062245004300082260003700125300001500162020001800177084001600195082001000211650001000221990001300231INLIS000000000000097 ind  a0010-0921000097 aFestival MomijicMuhammad Zaki Pratama aBandungbmizan media utamac2016 a104c21 cm a9786023671663 a741.3 MUH f a741.3 aKomik aDI. 2228